Dopad ukrajinskej krízy na štáty V4
Spoločné ciele krajín Vyšehradskej štvorky: spoločné úsilie o demokratizáciu, vstúpenie do Európskej únie a NATO. Európska migračná kríza a podpora súdržnosti v otázke kvót na prerozdeľovanie imigrantov. Pohľad na členské štáty V4 v oblasti bezpečnostno-energeticej, výdavkov na obranu, vzťahov k Ukr...
Saved in:
| Main Author: | |
|---|---|
| Other Authors: | |
| Format: | Book Chapter |
| Language: | Slovak |
| Subjects: | |
| Tags: |
No Tags, Be the first to tag this record!
|
MARC
| LEADER | 00000nla a2200000 4500 | ||
|---|---|---|---|
| 001 | 0243102 | ||
| 005 | 20240417075139.2 | ||
| 041 | 0 | |a slo | |
| 044 | |a SK | ||
| 245 | 1 | 0 | |a Dopad ukrajinskej krízy na štáty V4 |c Martina Novotná, Richard Klimaček |
| 520 | |a Spoločné ciele krajín Vyšehradskej štvorky: spoločné úsilie o demokratizáciu, vstúpenie do Európskej únie a NATO. Európska migračná kríza a podpora súdržnosti v otázke kvót na prerozdeľovanie imigrantov. Pohľad na členské štáty V4 v oblasti bezpečnostno-energeticej, výdavkov na obranu, vzťahov k Ukrajine a ukrajinskej kríze. | ||
| 610 | 2 | 0 | |a Vyšehradská štvorka |
| 610 | 2 | 0 | |a Ukrajina |
| 610 | 2 | 0 | |a kríza |
| 610 | 2 | 0 | |a obrana štátu |
| 610 | 2 | 0 | |a armáda |
| 610 | 2 | 0 | |a financie |
| 610 | 2 | 0 | |a výdavky |
| 610 | 2 | 0 | |a bezpečnosť |
| 610 | 2 | 0 | |a energetika |
| 610 | 2 | 0 | |a migrácia nelegálna |
| 100 | 1 | |a Novotná, Martina | |
| 700 | 1 | |a Klimaček, Richard | |